000 01793nam a22003017a 4500
001 8819
003 FISKH
005 20251022082202.0
008 251022b cb ||||| |||| 00| 0 eng d
020 _a9789996336065
040 _aFISKH
_bkhr
_cFISKH
_dFISKH
050 _aPZ7
082 _a895
100 _aTry, Sun
245 _aស្រមោច /
_cអ្នកនិពន្ធ លោក ស៊ុន ទ្រី ,​ អ្នករៀបរៀង អង្គការរូមធូរីដកម្ពុជា ,​ វិចិត្រករ លោក ឈើន ចាន់នី
260 _aភ្នំពេញ :
_bអង្គការរូមធូរីដកម្ពុជា ,
_c២០១១​ .
300 _a10 pages :
_bcolor illustrations ;
_c25 cm .
505 _aF
520 _aកូនស្រមោចតូចចង់ឆ្លងទឹកអូរទៅឯត្រើយម្ខាង ប៉ុន្តែវាមិនចេះហែលទឹក ។​ កូនស្រមោចរកមើលនៅជុំវិញខ្លួន វាក៏ឃើញស្លឹកឈើនិងសំបកដូង ។ តើកូនស្រមោចធ្វើយ៉ាងណាទើបអាចឆ្លងទៅត្រើយម្ខាងទៀតបាន ?
520 _aAn ant wishes to cross a stream, but he cannot swim across . He looks around and notices some leaves and coconut shells. What can the ant do to reach the oppostie bank ?
521 8 _a300
_bLexile estimate
521 8 _aF
_bRaz-Plus
650 _aស្រមោច
_vរឿងនិទានកុមារ​
650 _aAnt
_vChildren's Stories
700 _aChanny, Chhoeun
_eIllustrator
942 _2ddc
_cKHB
_n0
999 _c8819
_d8819